Normal view
MARC view
- Burglary protection
Entry Topical Term
001 - CONTROL NUMBER
- control field: 84959
003 - CONTROL NUMBER IDENTIFIER
- control field: NUST
005 - DATE AND TIME OF LATEST TRANSACTION
- control field: 20211123154637.0
008 - FIXED-LENGTH DATA ELEMENTS
- fixed length control field: 211123|| aca||aabn | a|a d
040 ## - CATALOGING SOURCE
- Original cataloging agency: NUST
- Transcribing agency: NUST
150 ## - HEADING--TOPICAL TERM
- Topical term or geographic name entry element: Burglary protection
670 ## - SOURCE DATA FOUND
- Source citation: Work cat.: (NUST)33920: Phillips, Bill, 1960- 84958, Home Mechanix Guide to Security :, c1994.
